| 000 | 00905nam a2200229Ia 4500 | ||
|---|---|---|---|
| 003 | GCL | ||
| 008 | 140319s9999 xx 000 0 ara d | ||
| 040 |
_aGCL / _cGCL |
||
| 082 | 0 | 4 |
_a953.07385 _bا ت |
| 100 | 1 | _aابن القلانسى : ابويعلى حمزة بن اسد بن على بن محمد التيمى الدمشقى | |
| 245 | 1 | 0 |
_aتاريخ ابى يعلىابن القلانسى- بذيل تاريخ دمشق / _cابن القلانسى : ابويعلى حمزة بن اسد بن على بن محمد التيمى الدمشقى |
| 260 |
_aبيروت : _bمطبعة الاباء اليسوعبين ، _c1908 |
||
| 300 | _aمتعدد الترقيم | ||
| 490 | _a | ||
| 650 | 0 | 4 | _aمصر |
| 650 | 0 | 4 | _aدمشق |
| 650 | 0 | 4 | _aالتاريخ الاسلامى |
| 650 | 0 | 4 | _aالتاريخ |
| 650 | 0 | 4 | _aالفتوحات |
| 650 | 0 | 4 | _aالمعز لدين الله |
| 942 |
_2ddc _cBK |
||
| 999 |
_c27566 _d27566 |
||